000 01287nam a22003617a 4500
003 CHAP
005 20220329134504.0
008 971013s1981 r 00010 d
010 _a21092
011 _a22064
035 _a26156
040 _cCHAP
090 _aTesis
100 0 0 _aAsabá Rivas, Ramiro Alberto.
_97833
245 _aNiveles de nitrógeno y fósforo en el rendimiento y calidad de la cebolla (Allium cepa L.) en el Valle de Asunción Mita, Jutiapa
260 _aGuatemala :
_bEl autor,
_c1981
300 _a51 h
502 _aTesis (Ing. Agrónomo) -- Univ. de San Carlos de Guatemala. Fac. de Agronomía
590 _aALEPH
_b10
_c20130110
_lUCH01
_h1245
590 _aBATCH-UPD
_b10
_c20130110
_lUCH01
_h0227
590 _aBATCH-UPD
_b10
_c20130110
_lUCH01
_h1544
590 _aBATCH-UPD
_b10
_c20130409
_lUCH01
_h2249
590 _aBATCH-UPD
_b10
_c20130410
_lUCH01
_h1455
590 _aBATCH-UPD
_b10
_c20130914
_lUCH01
_h0905
590 _aCONVERSION
_b10
_c20130109
_lUCH01
_h1313
650 1 4 _aCebolla
_xGuatemala.
_920776
650 1 4 _aCebolla
_xRendimiento.
_920801
650 1 4 _aFósforo
_xEfecto en cebolla.
_942224
650 1 4 _aNitrógeno
_xEfecto en cebolla.
_981420
901 _aBK
942 _cTESIS
949 _bBC
_cTES
_d-60375
_eTS1
_gI.c/e
_h20132
_i26156
_si
999 _c21092
_d21092